| 000 | 00530 a2200181 4500 | ||
|---|---|---|---|
| 003 | OSt | ||
| 005 | 20231204103339.0 | ||
| 008 | 231204b |||||||| |||| 00| 0 eng d | ||
| 020 | _a9789389869132 | ||
| 040 | _coclc | ||
| 082 |
_a894.8128 _bCHE/H |
||
| 100 |
_aChennamangaloor, Hameed _97037 |
||
| 245 |
_aPardayude Rasthreeyam / _cHameed Chennamangaloor |
||
| 250 | _a1st ed. | ||
| 260 |
_aKozhikode: _bMathrubhumi Books, _c2020. |
||
| 300 | _a72p. | ||
| 942 |
_2ddc _cBK _h894.8128 _iCHE/H _k894.8128 _mCHE/H |
||
| 999 |
_c43950 _d43950 |
||